| 000 | 00752nam a2200229Ii 4500 | ||
|---|---|---|---|
| 003 | JO-AjNU | ||
| 008 | 230605s9999||||xx |||||||||||||| ||und|| | ||
| 017 | _a1999/9/1539 | ||
| 020 | _a9957-07-068-1 | ||
| 040 |
_aJO-AjNU _bara _erda _cJO-AjNU |
||
| 041 | _aara | ||
| 050 | 1 | 4 | _aRC925 1999 |
| 100 | 3 |
_aالصميدعي ، لؤي غانم, _eauthor _910702 |
|
| 245 | 0 | 0 | _aالجهاز الحركي للطفل قبل الولادة وبعدها بسنة |
| 250 | _aط1 | ||
| 264 | 3 | 1 | _aعمان:دار الفكر للنشر ، 1999 |
| 300 | _a152ص | ||
| 336 |
_atext _btxt _2rdacontent |
||
| 337 |
_aunmediated _bn _2rdamedia |
||
| 338 |
_avolume _bnc _2rdacarrier |
||
| 650 | 4 |
_aالعلوم التطبيقيه الاطفال -عناية _910703 |
|
| 999 |
_aA1942 _c5510 _d5510 |
||